Importance of Ethics in Preparation, Presentation, and Verification of a Business Entity's Financial Statements
Finančné výkazníctvo ako prostriedok komunikácie medzi podnik. subjektom a externými používateľmi informácií. Falzifikácia a manipulácia s výkazmi. Vzťah profesionálnej a obchodnej etiky. Význam etického správania zúčastnených činiteľov procesu tvorby a kontroly finančných výkazov.
Gespeichert in:
| 1. Verfasser: | |
|---|---|
| Format: | Buchkapitel |
| Sprache: | Englisch |
| Schlagworte: | |
| Tags: |
Keine Tags, Fügen Sie das erste Tag hinzu!
|
MARC
| LEADER | 00000naa$a2200000$$$4500 | ||
|---|---|---|---|
| 001 | 0195181 | ||
| 005 | 20240502083453.7 | ||
| 041 | 0 | |a eng | |
| 044 | |a CZ | ||
| 245 | 1 | 0 | |a Importance of Ethics in Preparation, Presentation, and Verification of a Business Entity's Financial Statements |c Martina Podmanická |
| 520 | |a Finančné výkazníctvo ako prostriedok komunikácie medzi podnik. subjektom a externými používateľmi informácií. Falzifikácia a manipulácia s výkazmi. Vzťah profesionálnej a obchodnej etiky. Význam etického správania zúčastnených činiteľov procesu tvorby a kontroly finančných výkazov. | ||
| 610 | 2 | 0 | |a výkazníctvo účtovné |
| 610 | 2 | 0 | |a výkazy finančné |
| 610 | 2 | 0 | |a podvody |
| 610 | 2 | 0 | |a etika hospodárska |
| 610 | 2 | 0 | |a audit finančný |
| 610 | 2 | 0 | |a účtovníci |
| 100 | 1 | |a Podmanická, Martina, 1977- | |